MARC-Details
| 000 -Satzkennung |
| Kontrollfeld mit fester Länge |
01253nam a2200349 cb4500 |
| 001 - Kontrollnummer |
| Kontrollfeld |
BV026859539 |
| 003 - Kontrollnummer Identifier |
| Kontrollfeld |
DE-604 |
| 005 - Datum und Zeit der letzten Transaktion |
| Kontrollfeld |
20210708140834.0 |
| 007 - Feld mit fester Länge zur physischen Beschreibung - Allgemeine Information |
| Kontrollfeld mit fester Länge |
t |
| 008 - Feld mit fester Länge zur physischen Beschreibung - Allgemeine Angaben |
| Kontrollfeld mit fester Länge |
110326s1980 a||| |||| 00||| ger d |
| 020 ## - Internationale Standardbuchnummer |
| Internationale Standardbuchnummer |
3404650271 |
| Verknüpfung |
3-404-65027-1 |
| 035 ## - Systemkontrollnummer |
| System-Kontrollnummer |
(OCoLC)815877915 |
| 035 ## - Systemkontrollnummer |
| System-Kontrollnummer |
(DE-599)BVBBV026859539 |
| 040 ## - Katalogisierungsquelle |
| Original-Katalogisierungsstelle |
DE-604 |
| Katalogisierungssprache |
ger |
| Übertragungsstelle |
RU-10907106 |
| 041 0# - Sprachcode |
| Sprachcode des Textes/der Tonspur oder des separaten Titels |
ger |
| 100 1# - Haupteintragung - Personenname |
| Personenname |
Mellenthin, Friedrich Wilhelm von |
| Funktionsbezeichnung |
Verfasser |
| Funktionsbezeichnungscode |
aut |
| 240 10 - Einheitstitel |
| Einheitstitel |
German generals of World War II: as I saw them |
| 245 10 - Titel |
| Titel |
Deutschlands Generale des Zweiten Weltkriegs |
| 250 ## - Ausgabebezeichnung |
| Ausgabebezeichnung |
Deutsche Erstveröffentlichung |
| 264 #1 - Produktion, Veröffentlichung, Distribution, Herstellung und Urheberrechtsvermerk |
| Herstellungs-, Veröffentlichungs- Vertriebs-, Erzeugungsort |
Bergisch-Gladbach |
| Produzent, Herausgeber, Distributor, Hersteller |
Lübbe |
| Datum der Herstellung, der Veröffentlichung, des Vertriebs oder des Urheberschutzvermerks |
1980 |
| 300 ## - Physische Beschreibung |
| Umfang |
320 Seiten |
| Andere physische Details |
Illustrationen |
| 336 ## - Inhaltstyp |
| Inhaltstypterm |
Text |
| Inhaltstypcode |
txt |
| Quelle |
rdacontent |
| 337 ## - Medientyp |
| Bezeichnung des Medientyps |
ohne Hilfsmittel zu benutzen |
| Medientypcode |
n |
| Quelle |
rdamedia |
| 338 ## - Datenträgertyp |
| Datenträgertypbezeichnung |
Band |
| Datenträgertypcode |
nc |
| Quelle |
rdacarrier |
| 490 0# - Gesamttitelangabe |
| Gesamttitelangabe |
Bastei-Lübbe-Taschenbuch |
| Bandnummer/Folgebezeichnung |
65027 : Zeitgeschichte |
| 504 ## - Fußnote zu Literaturverzeichnissen usw. |
| Fußnote zu Bibliographien usw. |
Enthält bibliographische Verweise (S.307-310) und einen index |
| 650 07 - Nebeneintragung unter einem Schlagwort - Sachschlagwort |
| Sachschlagwort oder geografischer Name als Eintragungselement |
General |
| IDN des Normdatensatzes oder Standardnummer |
(DE-588)4132742-1 |
| Quelle der Ansetzung oder des Terms |
gnd |
| Koha-Normdatenidentnummer |
rswk-swf |
| 650 07 - Nebeneintragung unter einem Schlagwort - Sachschlagwort |
| Sachschlagwort oder geografischer Name als Eintragungselement |
Weltkrieg |
| Sonstige Informationen |
1939-1945 |
| IDN des Normdatensatzes oder Standardnummer |
(DE-588)4079167-1 |
| Quelle der Ansetzung oder des Terms |
gnd |
| Koha-Normdatenidentnummer |
rswk-swf |
| 651 #7 - Nebeneintragung unter einem Schlagwort - Geografischer Name |
| Geografischer Name |
Deutschland |
| IDN des Normdatensatzes oder Standardnummer |
(DE-588)4011882-4 |
| Quelle der Ansetzung oder des Terms |
gnd |
| Koha-Normdatenidentnummer |
rswk-swf |
| 655 #7 - Indexierungsterm - Genre/Form |
| IDN des Normdatensatzes |
|
| Genre/Form oder fokussierter Term |
Biografie |
| Quelle der Ansetzung oder des Terms |
gnd-content |
| 942 ## - Zusätzliche Felder (Koha) |
| Klassifikation oder Aufstellungssystematik |
Andere/Generische Klassifikation |
| Koha-Medientyp |
Monographien |